| Tag |
First Indicator |
Second Indicator |
Subfields |
| LEADER |
00000cas a2200000 4500 |
| 001 |
in00000073179 |
| 005 |
20151008052505.0 |
| 008 |
760712d19621963paubr p 0 a0eng |
| 010 |
|
|
|a 64005592
|
| 019 |
|
|
|a 1605331
|
| 022 |
0 |
|
|a 0196-3066
|2 1
|
| 029 |
1 |
|
|a NZ1
|b 3868786
|
| 029 |
1 |
|
|a AU@
|b 000000893790
|
| 029 |
1 |
|
|a NZ1
|b 12693263
|
| 035 |
|
|
|a (OCoLC)02450687
|
| 035 |
|
|
|a (OCoLC)2450687
|z (OCoLC)1605331
|
| 040 |
|
|
|a DLC
|c QPR
|d IUL
|d DLC
|d NSD
|d OCL
|d DLC
|d AIP
|d NSD
|d AIP
|d NST
|d OCL
|d DLC
|d OCLCQ
|d MYG
|d HNK
|d UtOrBLW
|
| 042 |
|
|
|a lc
|a nsdp
|
| 049 |
|
|
|a TXAM
|
| 050 |
0 |
0 |
|a TA365
|b .N62
|
| 210 |
0 |
|
|a Sound
|b (Lanc.)
|
| 222 |
|
0 |
|a Sound
|b (Lancaster)
|
| 245 |
0 |
0 |
|a Sound ;
|b its uses and control.
|
| 264 |
|
1 |
|a [Lancaster, Pa.] :
|b [Published by the American Institute of Physics for the Acoustical Society of America]
|
| 300 |
|
|
|a 2 volumes :
|b illustrations ;
|c 30 cm.
|
| 336 |
|
|
|a text
|b txt
|2 rdacontent
|
| 337 |
|
|
|a unmediated
|b n
|2 rdamedia
|
| 338 |
|
|
|a volume
|b nc
|2 rdacarrier
|
| 362 |
0 |
|
|a v. 1-2; Jan./Feb. 1962-Nov./Dec. 1963.
|
| 530 |
|
|
|a Also issued online.
|
| 650 |
|
0 |
|a Acoustical engineering
|v Periodicals.
|
| 650 |
|
0 |
|a Sound
|v Periodicals.
|
| 650 |
|
0 |
|a Noise control
|v Periodicals.
|
| 650 |
|
0 |
|a Noise control
|x Periodicals.
|
| 710 |
2 |
|
|a American Institute of Physics.
|
| 710 |
2 |
|
|a Acoustical Society of America.
|
| 776 |
0 |
8 |
|i Online version:
|t Sound
|w (OCoLC)317669135
|
| 780 |
0 |
2 |
|t Noise control
|w (DLC) 58029496
|w (OCoLC)1760415
|
| 850 |
|
|
|a DLC
|a MnU
|
| 936 |
|
|
|a Unknown Nov./Dec. 1963 (surrogate)
|
| 949 |
|
|
|a updated
|b h
|c 2009/6/4
|e spoltoratski
|f 1:35:12 pm
|
| 994 |
|
|
|a C0
|b TXA
|
| 999 |
|
|
|a MARS
|
| 999 |
f |
f |
|s 4d693155-f251-3009-8526-4fb53df9b6b0
|i df10b133-fcd0-34af-9ee3-cfcb912e1f91
|t 0
|
| 952 |
f |
f |
|p ric
|a Texas A&M University
|b Rellis Campus
|c Joint Library Facility
|d Remote Storage
|t 0
|e TA365 .N62
|h Library of Congress classification
|i unmediated -- volume
|k v.2
|l 1963
|m A14837215081
|
| 952 |
f |
f |
|p ric
|a Texas A&M University
|b Rellis Campus
|c Joint Library Facility
|d Remote Storage
|t 0
|e TA365 .N62
|h Library of Congress classification
|i unmediated -- volume
|k v.1
|l 1962
|m A14837215049
|
| 998 |
f |
f |
|a TA365 .N62
|s v.1-2 (1962-1963)
|t 0
|l Remote Storage
|